Structural analysis and design (Record no. 11537)

000 -LEADER
fixed length control field 00569nam a2200217 i 4500
001 - CONTROL NUMBER
control field 11537
003 - CONTROL NUMBER IDENTIFIER
control field BD-DhUET
008 - FIXED-LENGTH DATA ELEMENTS--GENERAL INFORMATION
fixed length control field 800423s1980 nyua b 001 0 eng
020 ## - INTERNATIONAL STANDARD BOOK NUMBER
International Standard Book Number 0824769228
040 ## - CATALOGING SOURCE
Original cataloging agency DLC
Transcribing agency DLC
Modifying agency BD-DhUET
082 00 - DEWEY DECIMAL CLASSIFICATION NUMBER
Classification number 624.17
Item number HEI/1980
100 1# - MAIN ENTRY--PERSONAL NAME
Personal name Heins, Conrad P.
245 10 - TITLE STATEMENT
Title Structural analysis and design
250 ## - EDITION STATEMENT
Edition statement 1st ed.
260 ## - PUBLICATION, DISTRIBUTION, ETC. (IMPRINT)
Place of publication, distribution, etc. New York
Name of publisher, distributor, etc. Marcel Dekker
Date of publication, distribution, etc. 1980
300 ## - PHYSICAL DESCRIPTION
Extent viii, 454 p.
Other physical details ill.
Dimensions 23 cm.
504 ## - BIBLIOGRAPHY, ETC. NOTE
Bibliography, etc Includes bibliographies
650 #0 - SUBJECT ADDED ENTRY--TOPICAL TERM
Topical term or geographic name as entry element Structural theory of
700 ## - ADDED ENTRY--PERSONAL NAME
Personal name Derucher, Kenneth N.
942 ## - ADDED ENTRY ELEMENTS (KOHA)
Koha item type General Book
Holdings
Location (home branch) Koha date last borrowed Date acquired Not for loan Koha item type Shelving location Koha full call number Withdrawn status Piece designation (barcode) Source of classification or shelving scheme Koha date last seen Lost status Price effective from Koha normalized classification for sorting Koha issues (times borrowed) Copy number Damaged status Sublocation or collection (holding branch)
Central Library, BUET2018-07-252015-02-17 General BookCirculation section624.17/HEI/1980 68477 2020-01-27 2015-02-17624_170000000000000_HEI_198011 Central Library, BUET
Central Library, BUET 2015-02-17 General BookCirculation section624.17/HEI/1980 60443 2015-02-17 2015-02-17624_170000000000000_HEI_1980 2 Central Library, BUET
Central Library, BUET 2015-02-17 General BookCirculation section624.17/HEI/1980 63560 2015-02-17 2015-02-17624_170000000000000_HEI_1980 3 Central Library, BUET